| 000 | 00592nam a2200181 u 4500 | ||
|---|---|---|---|
| 001 | 000789941 | ||
| 003 | AM-YeHGA | ||
| 005 | 20250617144133.0 | ||
| 008 | 110217s1984 ||| r 000 0 rus d | ||
| 040 | _aAM-YeHGA | ||
| 041 | 0 | _arus | |
| 100 | 1 | _aНемченко, Гарий Леонтьевич | |
| 245 | 1 | 0 |
_aИзбранное : _bПовести, рассказы / _cГарий Немченко. |
| 260 |
_aМосква : _bМол. гвардия, _c1984. |
||
| 300 |
_a542 с. : _b[1] л. портр.; ил. |
||
| 653 | 0 | _aСоветская литература | |
| 090 | _c289989 | ||
| 999 |
_c288316 _d288316 |
||